000
00227nam a22000857a 4500
008
160809b xxu||||| |||| 00| 0 eng d
100
_9
79
_a
Gupta R.G
245
_a
Composite Mathematics-VII
260
_a
New Delhi
_b
APC Publication
_c
9615
999
_c
2733
_d
2733